New approaches to macroeconomic modeling : evolutionary stochastic dynamics, multiple equilibria, and externalities as field effects/ (Record no. 1887)
[ view plain ]
| 000 -LEADER | |
|---|---|
| fixed length control field | 01170nhm a2200169za 4500 |
| 020 ## - INTERNATIONAL STANDARD BOOK NUMBER | |
| ISBN | 0521637694 |
| 020 ## - INTERNATIONAL STANDARD BOOK NUMBER | |
| ISBN | 9780521637695 |
| 050 ## - CALL NUMBER | |
| Classification number | HB172.5 |
| Item number | .A58 |
| 100 ## - AUTHOR | |
| Personal name | Masanao Aoki |
| 245 ## - TITLE | |
| Title | New approaches to macroeconomic modeling : evolutionary stochastic dynamics, multiple equilibria, and externalities as field effects/ |
| Statement of responsibility, etc | Masanao Aoki |
| 260 ## - PUBLICATION INFORMATION | |
| Place of publication | Cambridge : |
| Name of publisher | Cambridge University Press, |
| Year of publication | 1998. |
| 300 ## - DESCRIPTION | |
| Number of Pages | xv, 288 pages : |
| Other physical details | illustrations ; |
| Dimensions | 23 cm |
| 500 ## - NOTES | |
| General note | Originally published: 1996<br/>Author: <br/>Publisher: |
| 505 ## - FORMATTED CONTENTS NOTE | |
| Table of Content | Part I. Introduction: 1. Introduction; 2. Simple illustrative and motivating examples; 3. Empirical distributions: statistical laws in macroeconomics; Part II. Modeling Interactions: 4. Modeling interactions I: Jump Markov processes; 5. Modeling interactions II: master equations and field effects; 6. Modeling interactions III: pairwise and multiple-pair interactions; Part III. Hierarchical Dynamics and Critical phenomena: 7. Sluggish dynamics and hierarchical state spaces; 8. Self-organizing and other critical phenomena in economic models; 9. Appendices; Symbol Index; Subject Index. |
| 700 ## - OTHER AUTHORS | |
| Personal name | Aoki |
| 942 ## - ADDED ENTRY ELEMENTS (KOHA) | |
| Koha item type | Books |
| Withdrawn status | Lost status | Collection code | Home library | Current library | Shelving location | Date acquired | Full call number | Accession Number | Copy number | Koha item type |
|---|---|---|---|---|---|---|---|---|---|---|
| Reference | Methodist University Library Main | Methodist University Library Main | General Stacks | HB172.5 .A58 | 11626 | 1 | Books |